Statistics for Dominica... or Dominican Republic?

Click here to take the quiz!

General Stats

  • This quiz has been taken 556 times
    (269 since last reset)
  • The average score is 8 of 15

Answer Stats

QuestionAnswer% Correct
Its capital city is RoseauDominica
93%
Is located on the Carribbean SeaBoth
91%
Is home to Punta Cana, one of the most visited resort towns by touristsDominican Republic
86%
Is located in HispaniolaDominican Republic
83%
Is home to the oldest city in the AmericasDominican Republic
81%
Used to be a British colonyDominica
68%
Is in the time zone UTC−04:00Both
59%
Became independent in the nineteenth centuryDominican Republic
54%
Has only one official languageBoth
53%
Much of the Walt Disney film Pirates of the Caribbean: Dead Man’s Chest, was shot on its countryDominica
44%
Has its coat of arms on its flagDominican Republic
36%
Was "discovered" by Christopher ColumbusBoth
29%
Has the higher murder rate of the twoDominica
23%
Around 20% of its land is protected by the governmentBoth
19%
Is a parliamentary republicDominica
16%

Score Distribution

Percentile by Number Answered

Percent of People with Each Score

Your Score History

You have not taken this quiz since the last reset